Fictional Birds by Picture 🐦 - Statistics

General Stats
  • This quiz has been taken 250 times
  • The average score is 11 of 17
Answer Stats
Picture Answer % Correct
Donald Duck
99%
Daisy Duck
87%
The Road Runner
84%
Big Bird
83%
Tweety
83%
Daffy Duck
80%
Scrooge McDuck
79%
Hedwig
67%
Woody Woodpecker
62%
Owl
55%
Woodstock
52%
Foghorn Leghorn
51%
Iago
50%
Toucan Sam
44%
Howard the Duck
43%
Count Duckula
38%
Darkwing Duck
37%
No matching quizzes found
Score Distribution
Percent of People with Each Score
Percentile by Number Answered
Your Score History
You have not taken this quiz